000 01144mam a2200289 a 4500
001 1678655
005 20150421174914.0
008 941201s1995 ilua b 001 0 eng
010 _a 94044546
020 _a0226668029
020 _a0226668037 (pbk.)
035 _a(OCoLC)ocm31740250
040 _aDLC
_cDLC
_dNNC
_dOrLoB
050 0 0 _aQ175.P522 1995
082 0 0 _a501
_220
100 1 _aPickering, Andrew.
_917416
245 1 4 _aThe mangle of practice :
_btime, agency, and science /
_cAndrew Pickering.
260 _aChicago :
_bUniversity of Chicago Press,
_cc1995.
263 _a9509
300 _axiv, 281 p. :
_bill. ;
_c23 cm.
504 _aIncludes bibiliographical references and index.
505 0 0 _g1.
_tThe Mangle of Practice --
_g2.
_tMachines: Building the Bubble Chamber --
_g3.
_tFacts: The Hunting of the Quark --
_g4.
_tConcepts: Constructing Quaternions --
_g5.
_tTechnology: Numerically Controlled Machine Tools --
_g6.
_tLiving in the Material World --
_g7.
_tThrough the Mangle.
650 0 _aScience
_xPhilosophy.
_917417
650 0 _aScience
_xSocial aspects.
_99989
900 _bTOC
942 _2lcc
_cMONOGRAPH
999 _c122730
_d122730